000 00705nam a2200253Ia 4500
001 900
005 20240113233435.0
007 ta
008 050127s1983 a g b000 u eng u
020 _cRs.220.00 (HB)
040 _aRef.Stack
041 _aeng
082 _a491.1
_bGr 81 Cl
100 _aGeeth, K.R. .
245 0 _aclassified state bibliography of linguistic research on Indian languages /
_cK.R.Geetha.
_hTextual Documents
260 _aMysore :
_bCentral Institute of Indian languages ,
_c1983.
300 _a399p. :
_bill ;
_c24cm. .
362 _aVol.I-
365 _aRs.220.00
653 _aBibliography
942 _2ddc
_cBK
999 _c898
_d898